1569 1001 1373 1009 1291 1584 1211 1603 1545 1355 1053 1025 1672 1618 1382 1139 1046 1596 1659 1046 1320 1648 1732 1145 1884 1950 1978 1851 1554 1642 1448 1888 1922 1915 1087 1531 1592 1940 1429 1600 1584 1249 1525 1211 1569 1015 1633 1512 1386 1136 1388 1882 1846 1304 1905 1588 1454 1050 1938 1058 1113 1523 1977 1302 1461 1836 1105 1829 1538 1226 1036 1932 1652 1470 1244 1095 1602 1104 1654 1942 1846 1964 1495 1903 1926 1476 1944 1453 1390 1184 1452 1992 1898 1633 1504 1666 1351 1300 1422 BCNSPRNW ULIB Ver.6.0+V

เปลี่ยนเป็นภาษาไทย

Change to English
 แสดงรายละเอียดบรรณานุกรม
  กลับหน้าหลัก

Brief Record : Get Marc (ISO 2709) : E-mail record : QR code < ปิดหน้าต่าง
LEADER : 00000nam 2200000uu 4500
001    13399121555
003     ULIB
008    121123s2551||||th 000 0 tha d
020    ^a9789740488965
060  4 ^aWW140^bก351ร ล.2
110 1  ^aกองบรรณาธิการ ใกล้หมอ
245 00 ^aโรคตาหูคอจมูก เล่ม 2^cกองบรรณาธิการ ใกล้หมอ
260    ^aกรุงเทพฯ:^bใกล้หมอ,^c2551
300    ^a103 หน้า.
650  7 ^aตา^xโรค
650  7 ^aหู^xโรค
650  7 ^aคอ^xโรค
650  7 ^aจมูก^xโรค
945    ^p129^l0^i15266
995    ^aกัณชพร
999    ^aใช้งานได้ทุกระบบ
รายการนี้ยังไม่มีแท็ก
คุณยังไม่ได้ล็อกอิน คุณสามารถมีกิจกรรมร่วมกับเว็บไซต์ได้ แต่ต้องล็อกอินก่อน ::
  ล็อกอิน

รายการสื่อสารสนเทศ

ลำดับที่ ประเภท เลขเรียก/บาร์โค้ด สถานที่ สถานะ
1. วิทยาศาสตร์การแพทย์ และสุขภาพ
วิทยาศาสตร์การแพทย์ และสุขภาพ
WW140 ก351ร ล.2  
  Barcode: 15266
ห้องสมุดวิทยาเขตสวรรค์ประชารักษ์
►ส่วนจัดเก็บหนังสือเก่า สปร
บนชั้น
  ขอยืม

BibComment


ยังไม่เคยถูกคอมเมนท์

คอมเมนท์ทรัพยากรรายการนี้
  คอมเมนท์: โรคตาหูคอจมูก เล..


 Copyright 2026. Bcnsprnw @Library